|
|
|
|
| LEADER |
00000nab#a22000007a#4500 |
| 001 |
arbauad042754 |
| 003 |
AR-BaUAD |
| 005 |
20250711113326.0 |
| 008 |
000222|||||||||###||||||b###|0###a|spa|| |
| 040 |
|
|
|a AR-BaUAD
|c AR-BaUAD
|b spa
|
| 100 |
|
|
|a Stenros, Anne
|
| 245 |
|
|
|a The northern dimension in the heart of Europe :
|b The Finnish Embassy and the Residence in Berlin /
|c Anne Stenros; Päivi Bergroth;
|
| 300 |
0 |
|
|b fot.
|
| 653 |
|
|
|a ALEMANIA
|
| 653 |
|
|
|a BERLIN
|
| 653 |
|
|
|a LEHTINEN, RAUNO
|
| 653 |
|
|
|a MÄKI, PEKKA
|
| 653 |
|
|
|a PELTOLA, TONI
|
| 653 |
|
|
|a EMBAJADAS
|
| 653 |
|
|
|a EMBAJADA DE FINLANDIA
|
| 653 |
|
|
|a BERGROTH, PÄIVI
|
| 653 |
|
|
|a VIVIENDAS UNIFAMILIARES
|
| 653 |
|
|
|a DIPLOMATENVIERTEL
|
| 700 |
1 |
|
|a Bergroth, Päivi
|
| 773 |
0 |
|
|t FORM FUNCTION
|g no. 76 [dic. 1999], p. 45-56
|
| 942 |
|
|
|c ARTI
|
| 952 |
|
|
|0 0
|1 0
|4 0
|7 0
|9 87673
|a AR-BAuAD
|b AR-BAuAD
|d 2025-07-11
|l 0
|p AAQA042754
|r 2025-07-11 11:33:26
|w 2025-07-11
|y ARTI
|
| 990 |
|
|
|a AQ199
|b TD
|
| 998 |
|
|
|a AAQ
|b BIBUN76
|
| 999 |
|
|
|c 67346
|d 67346
|